000 00417nam a22001697a 4500
003 OSt
008 241023b |||||||| |||| 00| 0 eng d
020 _a9788190402507
082 _a687.4 KHM
100 _aKHAN, Alam Pervez
245 _aMen's Wear Pattern Making
250 _a1st. ed.
260 _aDelhi,
_bPankaj Publication International,
_c2007,
300 _a121 p.
650 _aB.FAD.
942 _2ddc
_cREF
999 _c12950
_d12950